<?xml version="1.0" encoding="UTF-8"?><?xml-stylesheet type="text/xsl" href="static/style.xsl"?><OAI-PMH xmlns="http://www.openarchives.org/OAI/2.0/" xmlns:xsi="http://www.w3.org/2001/XMLSchema-instance" xsi:schemaLocation="http://www.openarchives.org/OAI/2.0/ http://www.openarchives.org/OAI/2.0/OAI-PMH.xsd"><responseDate>2026-04-13T01:11:27Z</responseDate><request verb="GetRecord" identifier="oai:www.recercat.cat:2445/207142" metadataPrefix="marc">https://recercat.cat/oai/request</request><GetRecord><record><header><identifier>oai:recercat.cat:2445/207142</identifier><datestamp>2025-12-05T10:36:48Z</datestamp><setSpec>com_2072_1057</setSpec><setSpec>col_2072_478917</setSpec><setSpec>col_2072_478935</setSpec></header><metadata><record xmlns="http://www.loc.gov/MARC21/slim" xmlns:dcterms="http://purl.org/dc/terms/" xmlns:xsi="http://www.w3.org/2001/XMLSchema-instance" xmlns:doc="http://www.lyncode.com/xoai" xsi:schemaLocation="http://www.loc.gov/MARC21/slim http://www.loc.gov/standards/marcxml/schema/MARC21slim.xsd">
   <leader>00925njm 22002777a 4500</leader>
   <datafield ind2=" " ind1=" " tag="042">
      <subfield code="a">dc</subfield>
   </datafield>
   <datafield ind2=" " ind1=" " tag="720">
      <subfield code="a">Biglia, Bárbara</subfield>
      <subfield code="e">author</subfield>
   </datafield>
   <datafield ind2=" " ind1=" " tag="720">
      <subfield code="a">Bonet-Martí, Jordi</subfield>
      <subfield code="e">author</subfield>
   </datafield>
   <datafield ind2=" " ind1=" " tag="260">
      <subfield code="c">2024-02-05T09:58:06Z</subfield>
   </datafield>
   <datafield ind2=" " ind1=" " tag="260">
      <subfield code="c">2024-02-05T09:58:06Z</subfield>
   </datafield>
   <datafield ind2=" " ind1=" " tag="260">
      <subfield code="c">2009-01-10</subfield>
   </datafield>
   <datafield ind2=" " ind1=" " tag="260">
      <subfield code="c">2024-02-05T09:58:06Z</subfield>
   </datafield>
   <datafield ind2=" " ind1=" " tag="520">
      <subfield code="a">&lt;p>El giro discursivo en el campo de las ciencias sociales ha abierto el camino a la aparición de nuevos paradigmas críticos alejados de los criterios clásicos de validación positivista. Así, nuevos diseños de investigación no lineales y formas de escritura dialógica, antaño denostadas como acientíficas, empiezan a ocupar un lugar prominente en revistas y publicaciones académicas. En este contexto, las narrativas se constituyen como nuevos objetos de análisis discursivo, atribuyéndoles una importancia relevante en la capacidad de descripción de realidades subjetivas. Consideramos que es necesario ir un paso más allá proponiendo la construcción de narrativas como método-proceso de investigación que, en consonancia con la epistemología feminista, problematice el dualismo epistemológico basado en la distinción sujeto-objeto y el realismo ontológico que postula la existencia de una realidad objetiva. Queremos desarrollar la argumentación, en forma de reflexión dialógica y autoreflexiva partiendo de nuestras prácticas investigadoras a través del uso de narrativas. Consideramos que la construcción de narrativas enlaza con la propuesta de objetividad feminista de Donna Haraway a partir de la generación de conocimientos situados y conversaciones compartidas, ofreciéndonos elementos para repensar formas de validación post-positivista del conocimiento colectivo.&lt;/p></subfield>
   </datafield>
   <datafield tag="653" ind2=" " ind1=" ">
      <subfield code="a">Investigació educativa</subfield>
   </datafield>
   <datafield tag="653" ind2=" " ind1=" ">
      <subfield code="a">Psicologia social</subfield>
   </datafield>
   <datafield tag="653" ind2=" " ind1=" ">
      <subfield code="a">Escriptura</subfield>
   </datafield>
   <datafield tag="653" ind2=" " ind1=" ">
      <subfield code="a">Educational research</subfield>
   </datafield>
   <datafield tag="653" ind2=" " ind1=" ">
      <subfield code="a">Social psychology</subfield>
   </datafield>
   <datafield tag="653" ind2=" " ind1=" ">
      <subfield code="a">Writing</subfield>
   </datafield>
   <datafield ind2="0" ind1="0" tag="245">
      <subfield code="a">La construcción de narrativas como método de investigación psico-social. Prácticas de escritura compartida</subfield>
   </datafield>
</record></metadata></record></GetRecord></OAI-PMH>